Top 10 Most Common Causes of Death (US) - Statistics

General Stats
  • This quiz has been taken 73 times
  • The average score is 4 of 10
Answer Stats
Rank Answer % Correct
2 Cancer (malignant neoplasms)
90%
10 Suicide
59%
1 Heart disease
51%
4 Accidents (unintentional injuries)
48%
5 Stroke (cerebrovascular diseases)
36%
8 Influenza and pneumonia
31%
7 Diabetes
28%
6 Alzheimer's disease
20%
3 Chronic lower respiratory disease
20%
9 Kidney disease
10%
No matching quizzes found
Score Distribution
Percent of People with Each Score
Percentile by Number Answered
Your Score History
You have not taken this quiz